[Event "XXIV MEMORIAL J. KOCHANA"]
[Site "Koszalin"]
[Date "2013.08.14"]
[Round "6.3"]
[White "Kuciel, Wladyslaw"]
[Black "Dobrowolski, Piotr"]
[Result "0-1"]
[WhiteElo "1978"]
[BlackElo "2423"]
[PlyCount "88"]
[EventDate "2013.??.??"]

1. d4 Nf6 2. c4 e6 3. Nf3 c5 4. d5 b5 5. e4 Nxe4 6. Bd3 Nf6 7. dxe6 fxe6 8. Ng5
Qc7 9. cxb5 Bb7 10. O-O Bd6 11. g3 O-O 12. Nc3 c4 13. Bc2 a6 14. Nge4 Nxe4 15.
Nxe4 Be7 16. Bg5 d5 17. b6 Qd7 18. Qd2 Nc6 19. Rad1 Qe8 20. Bxe7 Qxe7 21. Ng5
h6 22. Nh3 Ne5 23. f4 Nc6 24. Rfe1 d4 25. Be4 Qc5 26. Qc2 Nb4 27. Qf2 Nd3 28.
Rxd3 Bxe4 29. Qxd4 Qh5 30. Rde3 Bb7 31. Nf2 Rad8 32. Qxc4 Rd2 33. Qxe6+ Kh8 34.
Qg4 Qd5 35. Qh3 Rxb2 36. Rd3 Qc5 37. Qf1 Qxb6 38. Re2 Rxe2 39. Qxe2 Qc6 40. Qf1
Re8 41. Rd1 a5 42. Rc1 Qf3 43. Rb1 a4 44. Qh3 Re2 0-1

[Event "XXIV MEMORIAL J. KOCHANA"]
[Site "Koszalin"]
[Date "2013.08.14"]
[Round "6.4"]
[White "Karwowski, Kacper"]
[Black "Janik, Igor"]
[Result "1-0"]
[WhiteElo "1904"]
[BlackElo "1953"]
[PlyCount "101"]
[EventDate "2013.??.??"]

1. e4 c5 2. Nf3 d6 3. d4 cxd4 4. Nxd4 Nf6 5. Nc3 g6 6. Be2 Bg7 7. O-O O-O 8.
Nb3 Nc6 9. Bg5 Be6 10. Kh1 Qd7 11. f4 Rac8 12. Bf3 a5 13. a4 Ng4 14. Nd5 f6 15.
Bh4 Nb4 16. Nb6 Qc7 17. Nxc8 Ne3 18. Nxe7+ Qxe7 19. Qd2 Nxf1 20. Rxf1 Qc7 21.
Nd4 Bc4 22. Rd1 Rd8 23. b3 Bf7 24. Nb5 Qxc2 25. Qxc2 Nxc2 26. Rxd6 Rc8 27. h3
Bxb3 28. Bxf6 Bh6 29. Bg4 Rf8 30. g3 Ne3 31. Bd7 Bf7 32. e5 Nc4 33. Rd4 Nb6 34.
Bg4 Nd5 35. Bh4 Bg7 36. Rd3 Nb4 37. Rd6 Be8 38. Nc7 Bxa4 39. e6 Bc6+ 40. Kh2 h5
41. e7 hxg4 42. exf8=Q+ Kxf8 43. Rxg6 a4 44. Ne6+ Kf7 45. f5 Be5 46. Nd8+ Kf8
47. Re6 Bc7 48. Be7+ Kg8 49. Rg6+ Kh7 50. Nf7 Nd5 51. Bf8 1-0

[Event "XXIV MEMORIAL J. KOCHANA"]
[Site "Koszalin"]
[Date "2013.08.14"]
[Round "6.5"]
[White "Lebiedowicz, Borys"]
[Black "Mielczarski, Miroslaw"]
[Result "0-1"]
[WhiteElo "1781"]
[BlackElo "2241"]
[PlyCount "118"]
[EventDate "2013.??.??"]

1. e4 e5 2. Nf3 Nc6 3. Bb5 a6 4. Ba4 Nf6 5. O-O Be7 6. Re1 b5 7. Bb3 d6 8. c3
O-O 9. d4 Bg4 10. Be3 Na5 11. Bc2 Nc4 12. Bc1 Nd7 13. h3 Bh5 14. b3 Ncb6 15.
Be3 c6 16. Nbd2 Re8 17. Nf1 a5 18. Ng3 Bg6 19. dxe5 Nxe5 20. Nd4 Bh4 21. Ngf5
Bxf5 22. Nxf5 Nc8 23. Qh5 Bf6 24. Rad1 g6 25. Nh6+ Kg7 26. Qe2 Bg5 27. Nf5+
gxf5 28. f4 Bf6 29. fxe5 Bxe5 30. Qh5 f6 31. exf5 Qe7 32. g4 Qf7 33. Qxf7+ Kxf7
34. c4 Rb8 35. Bd2 bxc4 36. bxc4 Nb6 37. Bxa5 Nxc4 38. Bd2 d5 39. Bc1 Bd4+ 40.
Kf1 Rxe1+ 41. Rxe1 Ne5 42. Bb3 Ke7 43. Bf4 Kd6 44. Bxe5+ Bxe5 45. Rd1 h5 46.
Ke2 hxg4 47. hxg4 Rh8 48. Rd2 Rh4 49. a4 Rxg4 50. Ra2 Rg2+ 51. Kd1 Rxa2 52.
Bxa2 Bc3 53. Kc2 Ba5 54. Bb1 c5 55. Kd3 c4+ 56. Ke3 Ke5 57. Bc2 d4+ 58. Kf3 d3
59. Bd1 c3 0-1

[Event "XXIV MEMORIAL J. KOCHANA"]
[Site "Koszalin"]
[Date "2013.08.14"]
[Round "6.6"]
[White "Brusilowicz, Przemyslaw"]
[Black "Wacior, Maciej"]
[Result "0-1"]
[WhiteElo "1954"]
[BlackElo "1797"]
[PlyCount "54"]
[EventDate "2013.??.??"]

1. d4 d5 2. Nf3 Nf6 3. c4 c6 4. Nc3 g6 5. cxd5 cxd5 6. e3 Bg7 7. Bd3 O-O 8. O-O
Bf5 9. Bxf5 gxf5 10. Qb3 b6 11. Ne5 e6 12. f3 Nfd7 13. Nxd7 Nxd7 14. f4 Kh8 15.
Bd2 Rg8 16. Be1 Qf6 17. Rc1 Qg6 18. Rc2 Nf6 19. h3 Qh5 20. Rcf2 Bh6 21. Rf3 Rg7
22. Rg3 Rxg3 23. Bxg3 Rg8 24. Rf3 Ne4 25. Kh2 Nd2 26. Qd1 Nxf3+ 27. gxf3 Qg6
0-1

[Event "XXIV MEMORIAL J. KOCHANA"]
[Site "Koszalin"]
[Date "2013.08.14"]
[Round "6.7"]
[White "Gajdamowicz, Patrick"]
[Black "Czajkowski, Adam"]
[Result "1/2-1/2"]
[WhiteElo "1892"]
[BlackElo "1933"]
[PlyCount "55"]
[EventDate "2013.??.??"]

1. d4 Nf6 2. Nf3 c5 3. d5 d6 4. c4 e5 5. Nc3 Nbd7 6. e4 Be7 7. Be2 Nf8 8. Qd3
Ng6 9. h4 h5 10. Bg5 Ng4 11. g3 Bxg5 12. Nxg5 Bd7 13. f3 Nf6 14. O-O-O Qa5 15.
Rdf1 a6 16. f4 Rb8 17. f5 Ne7 18. Ne6 fxe6 19. dxe6 Bc6 20. Qxd6 Rd8 21. Qxe5
Rd4 22. Rd1 Rxd1+ 23. Rxd1 O-O 24. Rg1 Nxe4 25. Nxe4 Rxf5 26. Qb8+ Rf8 27. Qe5
Rf5 28. Qb8+ 1/2-1/2

[Event "XXIV MEMORIAL J. KOCHANA"]
[Site "Koszalin"]
[Date "2013.08.14"]
[Round "6.8"]
[White "Kowalski, Maciej"]
[Black "Lisinski, Henryk"]
[Result "1-0"]
[WhiteElo "1932"]
[BlackElo "1929"]
[PlyCount "89"]
[EventDate "2013.??.??"]

1. e4 c5 2. Nf3 d6 3. d4 cxd4 4. Nxd4 Nf6 5. Nc3 a6 6. Bg5 e6 7. Bc4 Be7 8. a4
Nxe4 9. Bxe7 Nxc3 10. Bxd8 Nxd1 11. Bc7 Nxb2 12. Bb3 d5 13. Rb1 Nc4 14. Bxc4
dxc4 15. Rb4 O-O 16. Kd2 e5 17. Bxe5 Rd8 18. Kc3 Nd7 19. Bc7 Re8 20. Kxc4 Nf6
21. a5 Be6+ 22. Nxe6 Rxe6 23. Rxb7 Rc8 24. Kd4 Re7 25. Rhb1 Rd7+ 26. Ke5 Re8+
27. Kf5 Nd5 28. Bg3 g6+ 29. Kg4 Nf6+ 30. Kf3 Rd5 31. Bf4 Rxa5 32. Rb8 Rxb8 33.
Rxb8+ Kg7 34. Rc8 g5 35. Be3 Ng8 36. Bd4+ f6 37. c4 h5 38. Ke4 Kf7 39. Bc5 f5+
40. Ke5 Nf6 41. Rc7+ Kg6 42. Rc6 Kg7 43. Ke6 Ra2 44. Bd4 Re2+ 45. Kxf5 1-0

[Event "XXIV MEMORIAL J. KOCHANA"]
[Site "Koszalin"]
[Date "2013.08.14"]
[Round "6.9"]
[White "Kucharski, Krzysztof"]
[Black "Lanica, Lukasz"]
[Result "1-0"]
[WhiteElo "1864"]
[BlackElo "1691"]
[PlyCount "41"]
[EventDate "2013.??.??"]

1. e4 c6 2. d4 d5 3. exd5 cxd5 4. c4 Nf6 5. Nc3 e6 6. Nf3 Be7 7. Bf4 O-O 8. Be2
dxc4 9. Bxc4 Nbd7 10. O-O Nb6 11. Bb3 Nfd5 12. Be5 Bd7 13. Bc2 Nxc3 14. bxc3
Bb5 15. Re1 Rc8 16. Qb1 Rxc3 17. Bxh7+ Kh8 18. d5 Rc5 19. dxe6 fxe6 20. Bxg7+
Kxg7 21. Qg6+ 1-0

[Event "XXIV MEMORIAL J. KOCHANA"]
[Site "Koszalin"]
[Date "2013.08.14"]
[Round "6.10"]
[White "Trzeciakiewicz, Michal"]
[Black "Fronczak, Sebastian"]
[Result "0-1"]
[WhiteElo "1543"]
[BlackElo "1859"]
[PlyCount "58"]
[EventDate "2013.??.??"]

1. e4 e6 2. d4 d5 3. Nc3 Bb4 4. e5 c5 5. a3 Bxc3+ 6. bxc3 Qa5 7. Bd2 Qa4 8. Qg4
Kf8 9. Nf3 Qxc2 10. Be2 Ne7 11. O-O Nbc6 12. h4 h5 13. Qh3 c4 14. Bd1 Qf5 15.
Qh2 Bd7 16. Rc1 Na5 17. Bc2 Qg4 18. Ng5 Nf5 19. g3 Qe2 20. Bf4 Nb3 21. Bxb3
cxb3 22. Rfe1 Qb2 23. Qg2 Bb5 24. c4 Bc6 25. cxd5 Bxd5 26. Qf1 Qxa3 27. Rc7 Ne7
28. Qb5 Bc6 29. Qd3 Qa5 0-1

[Event "XXIV MEMORIAL J. KOCHANA"]
[Site "Koszalin"]
[Date "2013.08.14"]
[Round "6.11"]
[White "Januszkiewicz, Wojciech"]
[Black "Kubiak, Jakub"]
[Result "1-0"]
[WhiteElo "1841"]
[BlackElo "1531"]
[PlyCount "119"]
[EventDate "2013.??.??"]

1. e4 e5 2. Nf3 Nc6 3. Bb5 a6 4. Ba4 Nf6 5. O-O Be7 6. Re1 b5 7. Bb3 O-O 8. c3
d6 9. h3 Na5 10. Bc2 c5 11. d4 Qc7 12. d5 Bd7 13. b3 Rfe8 14. Nbd2 Bf8 15. Nf1
g6 16. Be3 Bg7 17. Ng3 Rf8 18. Nh2 Kh8 19. Qd2 Ng8 20. f4 b4 21. cxb4 exf4 22.
Bxf4 Bxa1 23. Rxa1 cxb4 24. Rc1 Qc3 25. Qxc3+ bxc3 26. Bxd6 Rfe8 27. Bb4 Nb7
28. Bxc3+ f6 29. Nf3 Kg7 30. e5 Kf7 31. e6+ Bxe6 32. dxe6+ Rxe6 33. Be4 Re7 34.
Bd5+ Kg7 35. Bb4 Rd7 36. Be6 Rad8 37. Bxd7 Rxd7 38. Ne4 Ne7 39. Nc5 Nxc5 40.
Rxc5 Nd5 41. Bd2 Kf7 42. Ra5 Rd6 43. b4 Ne7 44. b5 axb5 45. Rxb5 Ke6 46. a4 Ra6
47. a5 Nc6 48. Rb6 Rxb6 49. axb6 Kd7 50. Be3 Na5 51. Kf2 Kc6 52. Nd4+ Kxb6 53.
Nb3+ Kb5 54. Nxa5 Kxa5 55. Bd4 f5 56. Ke3 Kb5 57. Kf4 Kc4 58. Ba7 Kd3 59. h4 h6
60. h5 1-0

[Event "XXIV MEMORIAL J. KOCHANA"]
[Site "Koszalin"]
[Date "2013.08.14"]
[Round "6.12"]
[White "Kupiak, Sylwester"]
[Black "Dmochowska, Agnieszka"]
[Result "0-1"]
[WhiteElo "1662"]
[BlackElo "1823"]
[PlyCount "56"]
[EventDate "2013.??.??"]

1. e4 c5 2. Nc3 Nc6 3. Nf3 d6 4. d4 cxd4 5. Nxd4 Nf6 6. Be2 e5 7. Ndb5 a6 8.
Na3 b5 9. Be3 Rb8 10. Nd5 Nxe4 11. O-O Ne7 12. Nxe7 Bxe7 13. f4 O-O 14. Bd3 Bb7
15. Qe2 Nc5 16. Bxc5 dxc5 17. Rad1 Qd4+ 18. Kh1 e4 19. c3 exd3 20. Qxe7 Qd5 21.
Qg5 f5 22. Kg1 Rf6 23. Rf3 Rg6 24. Qh5 Qxf3 25. Qxf3 Bxf3 26. Rxd3 Rxg2+ 27.
Kf1 Be2+ 28. Kxg2 Bxd3 0-1

[Event "XXIV MEMORIAL J. KOCHANA"]
[Site "Koszalin"]
[Date "2013.08.14"]
[Round "6.13"]
[White "Bilczewski, Kacper"]
[Black "Smolenski, Filip"]
[Result "1/2-1/2"]
[WhiteElo "1807"]
[BlackElo "1555"]
[PlyCount "109"]
[EventDate "2013.??.??"]

1. e4 e5 2. Nf3 Nc6 3. Bb5 a6 4. Bxc6 dxc6 5. d4 exd4 6. Qxd4 Qxd4 7. Nxd4 Bd7
8. Be3 O-O-O 9. Nd2 Bc5 10. N2b3 Bb6 11. c3 Ne7 12. Nc2 Bxe3 13. Nxe3 Ng6 14.
f3 Rhe8 15. O-O-O b6 16. Nd4 Ne5 17. Kc2 c5 18. Ndf5 g6 19. Ng3 Be6 20. b3 Rd6
21. f4 Ng4 22. Nxg4 Bxg4 23. Rxd6 cxd6 24. h3 Bd7 25. Rd1 Kc7 26. c4 b5 27. Kd3
a5 28. Ne2 b4 29. g4 a4 30. f5 axb3 31. axb3 Ra8 32. Nf4 Ra3 33. Rb1 Ra2 34.
Nd5+ Kb7 35. Nf6 Bc8 36. Nxh7 Rh2 37. Ng5 f6 38. Nf7 Rxh3+ 39. Ke2 Kc7 40. fxg6
Rg3 41. g5 Be6 42. Kf2 Rg4 43. Kf3 fxg5 44. Ra1 Rf4+ 45. Ke3 Bxf7 46. Ra7+ Kd8
47. gxf7 Rf1 48. Rb7 g4 49. f8=Q+ Rxf8 50. Rb8+ Ke7 51. Rxf8 Kxf8 52. Kf4 Kf7
53. Kxg4 Ke6 54. Kf3 Ke5 55. Ke3 1/2-1/2

[Event "XXIV MEMORIAL J. KOCHANA"]
[Site "Koszalin"]
[Date "2013.08.14"]
[Round "6.14"]
[White "Kwiatkowski, Marek"]
[Black "Bartoszewicz, Marcin"]
[Result "1-0"]
[WhiteElo "1434"]
[BlackElo "1878"]
[PlyCount "111"]
[EventDate "2013.??.??"]

1. c4 Nf6 2. Nc3 g6 3. g3 Bg7 4. Nf3 O-O 5. Bg2 d6 6. O-O c5 7. d3 Nc6 8. Rb1
h6 9. a3 a5 10. Bd2 Be6 11. Qc2 Rb8 12. Nb5 Qd7 13. Rfc1 Nh5 14. Bc3 f5 15. Qd2
b6 16. Nh4 Bf7 17. e3 e5 18. b3 Ne7 19. Bf1 g5 20. Ng2 f4 21. d4 Bg6 22. Rb2
cxd4 23. exd4 e4 24. d5 e3 25. Nxe3 fxe3 26. Qxe3 Rfe8 27. Qd2 Nf6 28. Bg2 Bf7
29. Re1 Ng6 30. Rbb1 Rxe1+ 31. Rxe1 Rc8 32. Qd4 a4 33. bxa4 Ne5 34. Qxb6 Nxc4
35. Qa6 Nxd5 36. Bxg7 Kxg7 37. Bf1 Ndb6 38. Bxc4 Nxc4 39. Rd1 Rc6 40. Qa8 d5
41. Nd4 Rf6 42. Qb8 Qxa4 43. Qb1 Qd7 44. a4 Bg6 45. Qa2 Ra6 46. Qa1 Kh7 47. Nb5
Nb6 48. Qf6 Qf7 49. Qd6 Be4 50. Rc1 Nc4 51. Qxa6 Qf3 52. Qb7+ Kg6 53. Qc6+ Kh5
54. Qe8+ Kg4 55. Qe6+ Bf5 56. Qe1 1-0

[Event "XXIV MEMORIAL J. KOCHANA"]
[Site "Koszalin"]
[Date "2013.08.14"]
[Round "6.15"]
[White "Tymrakiewicz, Marcin"]
[Black "Kozlowski, Konrad"]
[Result "0-1"]
[WhiteElo "1936"]
[BlackElo "1515"]
[PlyCount "84"]
[EventDate "2013.??.??"]

1. d4 f5 2. Nc3 d5 3. Bf4 Nf6 4. e3 c6 5. Bd3 e6 6. Nf3 Bd6 7. Bxd6 Qxd6 8. Ne5
Nbd7 9. f4 g6 10. Qf3 Ne4 11. h3 Nxe5 12. fxe5 Qb4 13. O-O Nd2 14. Qg3 Nxf1 15.
Rxf1 Qxb2 16. Ne2 Qxa2 17. Qh4 Qa3 18. Nf4 Qe7 19. Qh6 Qf8 20. Qg5 Rg8 21. c4
h6 22. Qg3 Bd7 23. c5 Qf7 24. Qf3 Rg7 25. Rb1 Rb8 26. Ra1 Ra8 27. Rb1 Bc8 28.
Kh2 Kd8 29. Qd1 Rh7 30. Qe2 h5 31. h4 Rg7 32. Nh3 a5 33. Rb6 a4 34. Qa2 Qc7 35.
Bc2 a3 36. Rb3 Qa5 37. Bd3 Qe1 38. g3 Qxe3 39. Qa1 Qd2+ 40. Kg1 a2 41. Bf1 Qc2
42. Rb2 Qxb2 0-1

[Event "XXIV MEMORIAL J. KOCHANA"]
[Site "Koszalin"]
[Date "2013.08.14"]
[Round "6.16"]
[White "Trembowiecka-Wysota, Aleksandra"]
[Black "Przerwa, Waldemar"]
[Result "0-1"]
[WhiteElo "1404"]
[BlackElo "1779"]
[PlyCount "66"]
[EventDate "2013.??.??"]

1. e4 g6 2. d4 Bg7 3. Nc3 c6 4. Nf3 d5 5. exd5 cxd5 6. Be3 Bg4 7. h3 Bxf3 8.
Qxf3 e6 9. Bd3 Nc6 10. Ne2 Nge7 11. O-O-O O-O 12. g4 Qb6 13. h4 e5 14. dxe5 Qa5
15. Kb1 Nxe5 16. Qg3 Nc4 17. Bxc4 dxc4 18. c3 Rfd8 19. Rxd8+ Rxd8 20. Nf4 Nd5
21. Nxd5 Qxd5 22. Rg1 Qd3+ 23. Ka1 b5 24. a3 a6 25. h5 Bxc3 26. bxc3 Qxc3+ 27.
Kb1 Qb3+ 28. Ka1 Qxa3+ 29. Kb1 Qb3+ 30. Ka1 c3 31. Bc1 Qa4+ 32. Kb1 b4 33. Re1
b3 0-1

[Event "XXIV MEMORIAL J. KOCHANA"]
[Site "Koszalin"]
[Date "2013.08.14"]
[Round "6.17"]
[White "Zukowska, Aleksandra"]
[Black "Ziemba, Artur"]
[Result "0-1"]
[WhiteElo "1345"]
[BlackElo "1667"]
[PlyCount "86"]
[EventDate "2013.??.??"]

1. e4 c5 2. Nf3 d6 3. d4 cxd4 4. Nxd4 Nf6 5. Nc3 a6 6. Bg5 e6 7. f4 Nc6 8. Nxc6
bxc6 9. e5 h6 10. Bh4 g5 11. fxg5 Nd5 12. Nxd5 exd5 13. Qe2 hxg5 14. exd6+ Be6
15. Qe5 Rxh4 16. O-O-O Bxd6 17. Qc3 Qb6 18. g3 Rh6 19. Bg2 Rb8 20. b3 Ba3+ 21.
Kb1 a5 22. Qd2 Rg6 23. Rhe1 a4 24. Qe2 axb3 25. cxb3 Bb4 26. Rf1 Be7 27. Qe5
Qd8 28. Qh8+ Kd7 29. Qc3 Rf6 30. Rf3 Rxf3 31. Bxf3 Bf6 32. Qc2 Qa5 33. g4 Qc3
34. Qxc3 Bxc3 35. Kc2 Be5 36. h3 Rh8 37. Bg2 f5 38. Re1 Kd6 39. a4 fxg4 40.
hxg4 Rh2 41. Re2 Bxg4 42. Rd2 Bf4 43. Rf2 Bh3 0-1

[Event "XXIV MEMORIAL J. KOCHANA"]
[Site "Koszalin"]
[Date "2013.08.14"]
[Round "6.19"]
[White "Smal, Tobiasz"]
[Black "Turzynska, Grazyna"]
[Result "1-0"]
[WhiteElo "1928"]
[BlackElo "1487"]
[PlyCount "121"]
[EventDate "2013.??.??"]

1. e4 e6 2. d4 d5 3. Nd2 dxe4 4. Nxe4 Bd7 5. Nf3 Bc6 6. Bd3 Nd7 7. O-O Ngf6 8.
Qe2 Be7 9. Bf4 Bxe4 10. Bxe4 Nxe4 11. Qxe4 c6 12. c4 Nf6 13. Qd3 O-O 14. Rad1
Qa5 15. Qb3 b5 16. Ne5 Rac8 17. Qc2 Qb6 18. Be3 Qb7 19. Rd2 c5 20. Qb3 cxd4 21.
Bxd4 b4 22. Qc2 Bc5 23. Rfd1 Bxd4 24. Rxd4 Rc5 25. Nd7 Nxd7 26. Rxd7 Qa6 27. b3
Qb6 28. R1d6 Qb8 29. Qd2 a5 30. Rd8 Rc8 31. Rxf8+ Rxf8 32. Qd4 Qc7 33. g3 Qe7
34. h4 g5 35. Rd7 Qe8 36. hxg5 e5 37. Qd6 e4 38. Re7 Qa8 39. Qf4 Qd8 40. Qxe4
Qd1+ 41. Kg2 Qd2 42. Qe2 Qxg5 43. Re4 f5 44. Re7 f4 45. Qe6+ Kh8 46. Qe5+ Qxe5
47. Rxe5 fxg3 48. Kxg3 Ra8 49. Re7 a4 50. Rb7 axb3 51. axb3 Rg8+ 52. Kh2 Rf8
53. Kg2 Rg8+ 54. Kf1 Rf8 55. Rxb4 Rf3 56. Rb7 h5 57. Kg2 Rf6 58. c5 h4 59. Rb6
Kg7 60. Rxf6 Kxf6 61. b4 1-0

[Event "XXIV MEMORIAL J. KOCHANA"]
[Site "Koszalin"]
[Date "2013.08.14"]
[Round "6.20"]
[White "Popiolek, Henryk"]
[Black "Zimochocki, Roman"]
[Result "0-1"]
[WhiteElo "1332"]
[BlackElo "1775"]
[PlyCount "78"]
[EventDate "2013.??.??"]

1. c4 Nf6 2. Nc3 d6 3. e4 e5 4. d3 c6 5. Bg5 Be7 6. Be2 O-O 7. Nf3 h6 8. Be3
Ng4 9. h3 Nxe3 10. fxe3 Bh4+ 11. Kd2 Bg3 12. Qg1 Na6 13. h4 Be6 14. Bd1 d5 15.
cxd5 cxd5 16. Bc2 Rc8 17. a3 f5 18. Bb3 Nc5 19. Ba2 fxe4 20. d4 exd4 21. Nxd4
Bf7 22. Rf1 Nd3 23. b4 Rxc3 24. Kxc3 Qc7+ 25. Kd2 Rc8 26. Rc1 Nxc1 27. Qxc1 Qd7
28. Qb2 Be5 29. Rf1 Qg4 30. Rf2 Qg3 31. Re2 Qxh4 32. Qb3 Qh1 33. Qb2 Qf1 34.
Bb3 Qf6 35. Ke1 Kh8 36. Kd2 Rd8 37. Qc3 Bh5 38. Re1 Qf2+ 39. Kc1 Bg4 0-1

[Event "XXIV MEMORIAL J. KOCHANA"]
[Site "Koszalin"]
[Date "2013.08.14"]
[Round "6.22"]
[White "Ziobrowska, Danuta"]
[Black "Grzesik, Gracjan"]
[Result "1/2-1/2"]
[WhiteElo "1595"]
[BlackElo "1446"]
[PlyCount "97"]
[EventDate "2013.??.??"]

1. d4 d5 2. c4 e6 3. Nc3 Nf6 4. a3 c5 5. Nf3 Nc6 6. Bf4 a6 7. e3 Be7 8. Bd3 O-O
9. O-O Bd6 10. Bg5 cxd4 11. exd4 Be7 12. c5 Nd7 13. Bxe7 Qxe7 14. b4 b6 15. Re1
Qf6 16. b5 axb5 17. Bxb5 Bb7 18. cxb6 Nxb6 19. Bxc6 Bxc6 20. Ne5 Rfc8 21. Qb3
Nd7 22. Nxc6 Rxc6 23. Qb7 Rac8 24. Nxd5 exd5 25. Qxd7 Qd8 26. Qxd8+ Rxd8 27.
Rec1 Ra6 28. Rc3 Ra4 29. Rd3 f6 30. f3 Rc8 31. g4 Rcc4 32. Rad1 Rc2 33. Ra1 Kf7
34. h4 Ke6 35. Kf1 Kd6 36. Ke1 Kc6 37. Kd1 Rcc4 38. Rc1 Kd6 39. Kd2 Rxd4 40.
Rcc3 Rxd3+ 41. Rxd3 d4 42. Kc2 Kc5 43. Kb3 Ra6 44. Kc2 Kc4 45. Rb3 Ra4 46. h5
h6 47. Rd3 Ra6 48. Rb3 Ra4 49. Rd3 1/2-1/2

[Event "XXIV MEMORIAL J. KOCHANA"]
[Site "Koszalin"]
[Date "2013.08.14"]
[Round "6.24"]
[White "Sowinski, Ryszard"]
[Black "Wolaniecki, Patryk"]
[Result "0-1"]
[WhiteElo "1560"]
[BlackElo "1388"]
[PlyCount "131"]
[EventDate "2013.??.??"]

1. d4 Nf6 2. c4 e6 3. Nc3 Bb4 4. Bd2 c5 5. e3 d5 6. Nf3 Nc6 7. dxc5 Bxc5 8.
cxd5 Nxd5 9. Qb3 O-O 10. Nxd5 Qxd5 11. Qxd5 exd5 12. Bb5 Bd7 13. O-O a6 14. Ba4
b5 15. Bb3 d4 16. Rac1 dxe3 17. fxe3 Bb6 18. Bd5 Rac8 19. Ng5 Ne5 20. Kh1 h6
21. Nf3 Nxf3 22. gxf3 Bh3 23. Rfe1 Rfd8 24. e4 Bf2 25. Red1 Kh7 26. Ba5 Be3 27.
Bxd8 Bxc1 28. Bb3 Be3 29. Ba5 Rc6 30. Bd2 Bb6 31. Be1 a5 32. a4 bxa4 33. Bxa4
Rg6 34. Bg3 h5 35. e5 Kg8 36. Rd6 Rxd6 37. exd6 Kf8 38. d7 f6 39. Bd6+ Kf7 40.
Bb3+ Be6 41. Ba4 g5 42. Kg2 f5 43. b4 axb4 44. Bxb4 h4 45. h3 Bd8 46. Bc6 g4
47. f4 g3 48. Bd6 Bc4 49. Be5 Ke6 50. Bb8 Bd5+ 51. Bxd5+ Kxd5 52. Be5 Ke6 53.
Bg7 Kxd7 54. Bh6 Ke6 55. Kf3 Kf7 56. Kg2 Be7 57. Kf3 Kg6 58. Bg5 Bxg5 59. fxg5
Kxg5 60. Ke3 f4+ 61. Kf3 Kf5 62. Kg2 Ke4 63. Kf1 Ke3 64. Kg1 Ke2 65. Kh1 f3 66.
Kg1 0-1

[Event "XXIV MEMORIAL J. KOCHANA"]
[Site "Koszalin"]
[Date "2013.08.14"]
[Round "6.25"]
[White "Stefanoff, Zdzislaw"]
[Black "Luczak, Filip"]
[Result "0-1"]
[WhiteElo "1512"]
[BlackElo "1360"]
[PlyCount "58"]
[EventDate "2013.??.??"]

1. d4 Nf6 2. c4 e6 3. a3 c5 4. e3 b6 5. Nc3 Bb7 6. Nf3 Ne4 7. Nxe4 Bxe4 8. Bd3
Bxd3 9. Qxd3 cxd4 10. exd4 d5 11. b3 Nc6 12. O-O Be7 13. Bf4 Bf6 14. Be3 O-O
15. Rac1 a6 16. Rc2 Qd6 17. b4 Rac8 18. Rfc1 Qd7 19. Bg5 dxc4 20. Rxc4 b5 21.
R4c2 Bxg5 22. Nxg5 g6 23. Nf3 e5 24. Qe4 f5 25. Nxe5 Nxe5 26. Qxe5 Rxc2 27.
Rxc2 Re8 28. Rc8 Qxc8 29. Qd5+ Qe6 0-1

[Event "XXIV MEMORIAL J. KOCHANA"]
[Site "Koszalin"]
[Date "2013.08.14"]
[Round "6.26"]
[White "Oglaza, Oskar"]
[Black "Wasilewski, Leszek"]
[Result "1-0"]
[WhiteElo "1512"]
[BlackElo "1337"]
[PlyCount "47"]
[EventDate "2013.??.??"]

1. e4 c6 2. d4 d5 3. exd5 cxd5 4. c4 e6 5. Nc3 Nf6 6. Nf3 Bb4 7. Bd2 O-O 8. Be2
Re8 9. O-O Nbd7 10. a3 Bxc3 11. Bxc3 b6 12. Re1 Bb7 13. Rc1 Rc8 14. b3 h6 15.
Bb4 Ba6 16. Bd3 Bb7 17. Ne5 Nxe5 18. dxe5 Ne4 19. Bxe4 dxe4 20. Bd6 Qg5 21. Re3
f5 22. Rg3 Qd8 23. Qh5 Kh7 24. Qg6+ 1-0

[Event "XXIV MEMORIAL J. KOCHANA"]
[Site "Koszalin"]
[Date "2013.08.14"]
[Round "6.27"]
[White "Krzywnicka, Maria"]
[Black "Leszczewska, Edyta"]
[Result "0-1"]
[WhiteElo "1372"]
[BlackElo "1382"]
[PlyCount "76"]
[EventDate "2013.??.??"]

1. e4 e5 2. Nf3 Nc6 3. Bc4 Bc5 4. c3 Nf6 5. d3 h6 6. Be3 Bb6 7. Bb3 d6 8. Nbd2
Be6 9. Bc2 O-O 10. O-O Nd7 11. d4 exd4 12. cxd4 d5 13. Nb3 dxe4 14. Bxe4 Nf6
15. Bxc6 bxc6 16. Ne5 Bd5 17. Qc2 Qd6 18. Nc4 Qe6 19. Ncd2 Rfe8 20. Nc5 Qd6 21.
h3 Nh5 22. Rfe1 Nf4 23. Bxf4 Qxf4 24. Ndb3 Qg5 25. f3 Bxf3 26. Kh1 Bd5 27. Qf2
Rad8 28. Rad1 Qg6 29. Rc1 Rb8 30. Nd7 Rbd8 31. Ne5 Qd6 32. Nd3 Bxb3 33. axb3
Bxd4 34. Rxe8+ Rxe8 35. Qf3 c5 36. Rf1 Qe6 37. b4 cxb4 38. Nxb4 Bxb2 0-1

[Event "XXIV MEMORIAL J. KOCHANA"]
[Site "Koszalin"]
[Date "2013.08.14"]
[Round "6.29"]
[White "Kedziera, Izydor"]
[Black "Ciesielski, Jan"]
[Result "1-0"]
[WhiteElo "1512"]
[BlackElo "1268"]
[PlyCount "67"]
[EventDate "2013.??.??"]

1. e4 e5 2. Nf3 Nc6 3. Bb5 d6 4. d3 Bd7 5. Bxc6 Bxc6 6. Nc3 Nf6 7. Bg5 Be7 8.
Qd2 h6 9. Be3 Qd7 10. h3 a6 11. Nh4 Nxe4 12. Nxe4 Bxe4 13. dxe4 Bxh4 14. O-O-O
O-O-O 15. Qa5 Qc6 16. f3 Rd7 17. Rd5 Rdd8 18. Rhd1 Qd7 19. a4 Qe7 20. Kb1 Bg5
21. Bg1 Bf4 22. b4 Kb8 23. b5 axb5 24. axb5 Kc8 25. b6 cxb6 26. Qb5 Qd7 27. Qb4
Qc6 28. Bxb6 Rd7 29. R1d3 Bd2 30. Rxd2 Re7 31. Rxd6 Qe8 32. Qa5 Kb8 33. Qa7+
Kc8 34. Qa8# 1-0

[Event "XXIV MEMORIAL J. KOCHANA"]
[Site "Koszalin"]
[Date "2013.08.15"]
[Round "7.1"]
[White "Malaniuk, Vladimir P"]
[Black "Voloshin, Leonid"]
[Result "1-0"]
[WhiteElo "2529"]
[BlackElo "2420"]
[PlyCount "49"]
[EventDate "2013.??.??"]

1. d4 d5 2. c4 dxc4 3. e4 c5 4. d5 Nf6 5. Nc3 b5 6. Bf4 Qa5 7. Bd2 b4 8. e5
bxc3 9. Bxc3 Qc7 10. exf6 exf6 11. Bxc4 Qd6 12. Ne2 Be7 13. O-O O-O 14. Ng3 Rd8
15. Re1 Bf8 16. Ba5 Rd7 17. Re8 Bb7 18. Ne4 Qf4 19. Bd2 Qh4 20. Qf3 Re7 21.
Rxe7 Bxe7 22. g3 Qh3 23. d6 Bxd6 24. Nxf6+ gxf6 25. Qxb7 1-0

[Event "XXIV MEMORIAL J. KOCHANA"]
[Site "Koszalin"]
[Date "2013.08.15"]
[Round "7.2"]
[White "Karwowski, Kacper"]
[Black "Sieciechowicz, Marcin"]
[Result "1/2-1/2"]
[WhiteElo "1904"]
[BlackElo "2458"]
[PlyCount "111"]
[EventDate "2013.??.??"]

1. e4 c5 2. Nf3 d6 3. d4 cxd4 4. Nxd4 Nf6 5. Nc3 a6 6. Bg5 e6 7. f4 Qb6 8. Qd2
Nc6 9. O-O-O Qxd4 10. Qxd4 Nxd4 11. Rxd4 Nh5 12. f5 Be7 13. Bxe7 Kxe7 14. Be2
Nf6 15. fxe6 Bxe6 16. Rhd1 Rhd8 17. a4 Rac8 18. Nd5+ Bxd5 19. exd5 Rc7 20. a5
Nd7 21. c4 Ne5 22. Kc2 g6 23. b4 f5 24. Kb3 Kf6 25. Rc1 Nd7 26. g4 Re8 27. Bd3
fxg4 28. Rxg4 Rcc8 29. Rf1+ Kg7 30. Rgf4 Re3 31. Rf7+ Kh6 32. R1f3 Rxf3 33.
Rxf3 Ne5 34. Rh3+ Kg5 35. Kc3 h5 36. Kd4 Kg4 37. Rg3+ Kf4 38. Be2 g5 39. c5 g4
40. cxd6 Nf7 41. Rg1 Nxd6 42. Rf1+ Kg5 43. Bd3 Re8 44. Kc5 Rd8 45. Kd4 h4 46.
Ke5 g3 47. hxg3 hxg3 48. Ke6 Nc8 49. Rf7 Kh4 50. Bf1 Rd6+ 51. Ke5 Rg6 52. Rf4+
Kh5 53. Rf5+ Kh4 54. Rf4+ Kh5 55. Rf5+ Kh4 56. Rf4+ 1/2-1/2

[Event "XXIV MEMORIAL J. KOCHANA"]
[Site "Koszalin"]
[Date "2013.08.15"]
[Round "7.3"]
[White "Dobrowolski, Piotr"]
[Black "Kowalski, Maciej"]
[Result "1-0"]
[WhiteElo "2423"]
[BlackElo "1932"]
[PlyCount "55"]
[EventDate "2013.??.??"]

1. d4 Nf6 2. c4 c5 3. d5 d6 4. Nc3 g6 5. e4 Bg7 6. Nf3 e6 7. h3 O-O 8. Bd3 exd5
9. cxd5 Re8 10. O-O Nh5 11. Bg5 Qb6 12. Nd2 Qxb2 13. Rc1 Qb6 14. Nc4 Qa6 15. g4
b5 16. Nxb5 Qxb5 17. Nxd6 Qd7 18. Nxe8 Qxe8 19. gxh5 Bxh3 20. Re1 Qe5 21. Be3
gxh5 22. f4 Qb2 23. Rc2 Qb4 24. Bxc5 Bd4+ 25. Bxd4 Qxd4+ 26. Kh2 Bg4 27. Qd2
Nd7 28. Qc3 1-0

[Event "XXIV MEMORIAL J. KOCHANA"]
[Site "Koszalin"]
[Date "2013.08.15"]
[Round "7.5"]
[White "Wacior, Maciej"]
[Black "Gajdamowicz, Patrick"]
[Result "1/2-1/2"]
[WhiteElo "1797"]
[BlackElo "1892"]
[PlyCount "36"]
[EventDate "2013.??.??"]

1. d4 Nf6 2. Nf3 g6 3. Bg5 Bg7 4. e3 O-O 5. Bd3 d6 6. O-O Nbd7 7. c3 c6 8. Nbd2
Qc7 9. Qc2 Re8 10. Rfd1 e5 11. dxe5 dxe5 12. Bf1 Nc5 13. Bxf6 Bxf6 14. b4 Ne6
15. Nc4 Ng5 16. Nxg5 Bxg5 17. Nd6 Rd8 18. Nxc8 Raxc8 1/2-1/2